Statistics for New York Giants All-Time TD Scorers

Click here to take the quiz!

General Stats

  • This quiz has been taken 90 times
  • The average score is 3 of 10

Answer Stats

Number of TDs Position Answer % Correct
68RBTiki Barber
89%
58WRAmani Toomer
58%
64RBBrandon Jacobs
54%
78HB-FL-DB-WRFrank Gifford
29%
50RBJoe Morris
23%
51RBRodney Hampton
22%
48RBRon Johnson
9%
65HB-FL-FBJoe Morrison
6%
56HB-FBAlex Webster
5%
52End -HBKyle Rote
5%

Score Distribution

Percentile by Number Answered

Percent of People with Each Score

Your Score History

You have not taken this quiz